000 00699nam a2200157 i 4500
001 157743
003 ES-MaACL
005 20230906210831.0
008 931025s1862 sp |||| | spa d
080 _a94(72)"1861/67"
245 0 0 _aLigero bosquejo de la actual situación en Méjico :
_bartículo publicado por "El Veracruzano" en sus números correspondientes a los días 7 y 10 de octubre último.
260 _aMadrid :
_b[s.n.],
_c1862 (
_fImp. a cargo de Antonio Pérez Dubrull)
300 _a49 p. ;
_c22 cm.
651 4 _aMéxico-
_xHistoria-
_y1861-1867, Intervención europea.
_9146885
852 4 _aES-MaACL
_jT-140-F-3
_z- Enc. hol., falto de enc. original
_z- Enc. en un vol. facticio
999 _c157743
_d157743